| 000 | 00000nas 2200000zi 4500 |
| 001 | 9.933085 |
| 003 | CaOODSP |
| 005 | 20240129165031 |
| 006 | m o d f |
| 007 | cr cn |||||||| |
| 008 | 240129d20192019nscar p o f0### 0eng d |
| 040 | |aCaOODSP|beng|erda|cCaOODSP |
| 043 | |an-cn--- |
| 086 | 1 |aCC522-8E-PDF |
| 110 | 2 |aCanadian Museum of Immigration at Pier 21.|eauthor, |eissuing body. |
| 245 | 10|aInfo source : |bsources of federal government and employee information. |
| 246 | 30|aSources of federal government and employee information |
| 264 | 1|aHalifax, Nova Scotia : |bCanadian Museum of Immigration at Pier 21 = Musée canadien de l'immigration du Quai 21, |c[2019?] |
| 310 | |aAnnual |
| 336 | |atext|btxt|2rdacontent |
| 337 | |acomputer|bc|2rdamedia |
| 338 | |aonline resource|bcr|2rdacarrier |
| 362 | 1 |aBegan and ceased with 2019? |
| 500 | |aIssued also in French under title: Info source : sources de renseignements du gouvernement fédéral et sur les fonctionnaires fédéraux. |
| 588 | |aDescription based on: 2019; title from PDF cover page. |
| 588 | |aLatest issue consulted: 2019. |
| 610 | 20|aCanadian Museum of Immigration at Pier 21|vPeriodicals. |
| 650 | 0|aGovernment information|zCanada|vPeriodicals. |
| 650 | 0|aPublic records|xAccess control|zCanada|vPeriodicals. |
| 655 | 7|aPeriodicals|2lcgft |
| 775 | 08|tInfo source : |w(CaOODSP)9.933084 |